01015nam a2200253 i 450000100060000000300090000600500170001500700030003200800410003502000180007608000320009408000220012610000450014824501630019325000210035626000470037730000470042460000450047165000420051665000420055885200220060099900170062295201220063991781ES-MaACL20250823063046.0t|050214s2004 sp af |||| |bspa d a84-933509-4-X a929Gutiérrez, José Luis a070(460)"1975/96"1 aGutiérrez Suárez, José Luis96106310aDías de papel b: una evocación sentimental de algunos avatares de la Prensa en los 25 años de la Constitución española / cJosé Luis Gutiérrez. a2ª ed., [amp.]. aMadrid : bSaber y Comunicación, c2004. aXXXI, 406 p., [20] p. de lám. ; c22 cm.14aGutiérrez Suárez, José Luis96106314aPrensa-zEspaña-y1975-1982.91635614aPrensa-zEspaña-y1982-1996.916357 aES-MaACLjL-28842 c91781d91781 00104070aATENEOMbATENEOMcDEPO2d2008-01-17eSCl0oL-28842p1095827r2023-02-23 00:00:00w2023-02-23yMONOGRAFIA